000 01413nam a22003017a 4500
001 5217
003 FISKH
005 20241121081145.0
008 241120b cb ||||| |||| 00| 0 eng d
020 _a9781407108315
040 _aFISKH
_beng
_cFISKH
_dFISKH
082 _a900
100 _aMacDonald, Alan
245 _aChurchill and his Woeful Wars /
_cby Alan MacDonald
250 _aThis edition pulblished 2009
260 _aNew York :
_bScholastic ;
_c2004.
300 _a189 pages :
_billustrations ;
_c21 cm .
490 _aHorribly Famous
505 _aS
520 _aYou've probably heard of Winston Churchill. He is dead famous for smoking a massive cigar, leading Britain to victory in World War II, and raising his fingers in a V sign. But have you heard that Winston was a demon bricklayer? That he had a fantastic collection of hats? That he made a daring escape from prison? Yes, even though he's dead, Winston's still full of surprises. Now you can get the inside story with Winston's lost diary, relive the events of the century in 'The Winston Weekly' and discover the vital role he played in two great wars.
521 8 _a790
_bLexile estimate
521 8 _aS
_bRaz-Plus
650 _aWinston Churchill
_vNon-Fiction
650 _aDead Famous Section Hall Library
_vNon-fiction
700 _aGoddard, Clive
_eillustrator
942 _2ddc
_cBK
_n0
999 _c5217
_d5217